LEADER 02438nam 2200577 a 450 001 9910455157803321 005 20200520144314.0 010 $a0-313-00046-8 035 $a(CKB)111056485429162 035 $a(EBL)282733 035 $a(OCoLC)55091906 035 $a(SSID)ssj0000117593 035 $a(PQKBManifestationID)11915485 035 $a(PQKBTitleCode)TC0000117593 035 $a(PQKBWorkID)10050289 035 $a(PQKB)11778093 035 $a(MiAaPQ)EBC282733 035 $a(Au-PeEL)EBL282733 035 $a(CaPaEBR)ebr10017923 035 $a(OCoLC)935262754 035 $a(EXLCZ)99111056485429162 100 $a20010913d2001 uy 0 101 0 $aeng 135 $aurcn||||||||| 181 $ctxt 182 $cc 183 $acr 200 10$aCapital, emerging high-growth firms and public policy$b[electronic resource] $ethe case against federal intervention /$fTerry F. Buss 210 $aWestport, Conn. ;$aLondon $cPraeger$d2001 215 $a1 online resource (255 p.) 300 $aDescription based upon print version of record. 311 $a0-275-96860-X 320 $aIncludes bibliographical references and index. 327 $aPreliminaries; Contents; Figures and Tables; Preface; Acknowledgments; 1 The Importance of New High Growth Firms; 2 Characteristics of High Growth Firms; 3 Development Stage and Finance; 4 Capital Availability; 5 Regional Disparities; 6 Technology Based Ventures; 7 Women and Minorities; 8 Policy Implications; Appendix Federal Capital Subsidy Programs; Bibliography; Index 330 $aCongressional hearings and government reports have asserted that emerging high-growth firms in the US are starved for capital. This study argues that calls for increased federal intervention, using public monies to plug capital gaps to plug capital gaps, are unjustified. 606 $aCorporations$zUnited States$xFinance 606 $aNew business enterprises$zUnited States$xFinance 606 $aVenture capital$zUnited States 608 $aElectronic books. 615 0$aCorporations$xFinance. 615 0$aNew business enterprises$xFinance. 615 0$aVenture capital 676 $a338.74 700 $aBuss$b Terry F$0861811 801 0$bMiAaPQ 801 1$bMiAaPQ 801 2$bMiAaPQ 906 $aBOOK 912 $a9910455157803321 996 $aCapital, emerging high-growth firms and public policy$92128758 997 $aUNINA LEADER 02026nam 2200505 450 001 9910793182603321 005 20230814223933.0 010 $a1-118-56120-1 010 $a1-118-56121-X 035 $a(CKB)4100000005879019 035 $a(MiAaPQ)EBC5491904 035 $a(JP-MeL)3000083238 035 $a(Au-PeEL)EBL5491904 035 $a(OCoLC)1031048918 035 $a(EXLCZ)994100000005879019 100 $a20180905d2018 uy 0 101 0 $aeng 135 $aurcnu|||||||| 181 $ctxt$2rdacontent 182 $cc$2rdamedia 183 $acr$2rdacarrier 200 00$aABC of orthopaedics and trauma /$fedited by Kapil Sugand, Chinmay M. Gupte 210 1$aChichester, West Sussex, UK :$cWiley Blackwell,$d2018. 215 $a1 online resource (234 pages) 225 1 $aABC series 311 $a1-118-56122-8 320 $aIncludes bibliographical references and index. 327 $aGeneral overview -- Epidemiology of musculoskeletal disease -- Orthopaedic investigations -- Trauma -- Managing adult fractures -- Shoulder and elbow -- Wrist and hand -- Pelvis -- Hip -- Knee -- Ankle and foot -- Spine -- Paediatric orthopaedics -- Orthopaedic emergencies -- Orthopaedic procedures -- Post-operative care -- Osteoarthritis -- Inflammatory arthritides -- Bone and joint infections -- Metabolic bone disorders -- Bone tumours -- Peripheral nerve injury -- Biomechanics -- Tools of the trade. 410 0$aABC series (Malden, Mass.) 606 $aOrthopedic Procedures$xmethods 606 $aMusculoskeletal System$xinjuries 606 $aPhysical Examination$xmethods 615 12$aOrthopedic Procedures$xmethods 615 22$aMusculoskeletal System$xinjuries 615 22$aPhysical Examination$xmethods 676 $a616.7 702 $aSugand$b Kapil 702 $aGupte$b Chinmay M. 801 0$bMiAaPQ 801 1$bMiAaPQ 801 2$bMiAaPQ 906 $aBOOK 912 $a9910793182603321 996 $aABC of orthopaedics and trauma$93758199 997 $aUNINA